Fast static RAM components & module data / (Record no. 190590)
[ view plain ]
| 000 -LEADER | |
|---|---|
| fixed length control field | 00717 a2200169 4500 |
| 003 - CONTROL NUMBER IDENTIFIER | |
| control field | Nust |
| 005 - DATE AND TIME OF LATEST TRANSACTION | |
| control field | 20221129153931.0 |
| 040 ## - CATALOGING SOURCE | |
| Transcribing agency | Nust |
| 082 ## - DEWEY DECIMAL CLASSIFICATION NUMBER | |
| Classification number | 621.3815,MOT |
| 100 ## - MAIN ENTRY--PERSONAL NAME | |
| Personal name | motorola |
| 9 (RLIN) | 66183 |
| 245 ## - TITLE STATEMENT | |
| Title | Fast static RAM components & module data / |
| Statement of responsibility, etc. | motorola |
| 260 ## - PUBLICATION, DISTRIBUTION, ETC. | |
| Place of publication, distribution, etc. | USA |
| Name of publisher, distributor, etc. | motorola litrature |
| Date of publication, distribution, etc. | 1995 |
| 300 ## - PHYSICAL DESCRIPTION | |
| Extent | various paging |
| 505 ## - FORMATTED CONTENTS NOTE | |
| Formatted contents note | Selector Guide And Cross Reference (Page-1-3), Asynchronous BICMOS Fast SRAMs (Page-2-3), Asynchronous CMOS Fast SRAMs (Page-3-3), Application Specific Fast SRAMs (Page-4-3), BurstRAMs (Page-5-3), Fast SRAMs Modules (Page-6-3), Reliability (Page-7-3), Applications (Page-8-3), Mechanical (Page-9-3). |
| 650 ## - SUBJECT ADDED ENTRY--TOPICAL TERM | |
| Topical term or geographic name entry element | Telecommunication engineering |
| 942 ## - ADDED ENTRY ELEMENTS (KOHA) | |
| Source of classification or shelving scheme | |
| Koha item type | Book |
| Withdrawn status | Lost status | Source of classification or shelving scheme | Damaged status | Not for loan | Permanent Location | Current Location | Shelving location | Date acquired | Full call number | Barcode | Date last seen | Price effective from | Koha item type | Public note |
|---|---|---|---|---|---|---|---|---|---|---|---|---|---|---|
| Military College of Signals (MCS) | Military College of Signals (MCS) | General Stacks | 12/12/2016 | 621.3815,MOT | MCS34945 | 12/08/2016 | 12/12/2016 | Book | Almirah No.33, Shelf No.1 |
